000 01146pam a2200301 a 4500
001 4261127
003 ARRUPE
005 20140129180036.0
008 841031r19851984nyu b 001 0 eng
010 _a 84040523
020 _a0394729110 (pbk.) :
_c$4.95
040 _aDLC
_cDLC
_dDLC
050 1 0 _aHT321
_b.J319 1985
100 1 _aJacobs, Jane,
_d1916-2006.
_97282
245 1 0 _aCities and the wealth of nations :
_bprinciples of economic life /
_cJane Jacobs.
250 _a1st Vintage Books ed.
260 _aNew York :
_bVintage Books,
_c1985, c1984.
300 _aix, 257 p. ;
_c19 cm.
500 _aReprint. Originally published: New York : Random House, c1984.
504 _aIncludes bibliographical references and index.
650 0 _aUrban economics.
_97283
650 0 _aEconomic history.
_97284
650 0 _aWealth.
_97285
856 4 2 _3Contributor biographical information
_uhttp://www.loc.gov/catdir/enhancements/fy0642/84040523-b.html
856 4 2 _3Publisher description
_uhttp://www.loc.gov/catdir/enhancements/fy0642/84040523-d.html
906 _a7
_bcbc
_corignew
_d1
_eocip
_f19
_gy-gencatlg
942 _2lcc
_cMONOGRAPH
999 _c119765
_d119765